Дело о приобретении переведенной господином Ободовским драмы "Брачное свидетельство" для постановки на сцене и выдаче ему поспек...

RUSMARC
00006024cbc2a2200000#x 450
00124d0e151-3f2b-49cd-852d-7847cf49dbdd
00520191217110452.0
100##$a20170623l18451845k l0rusy0189 ca
1010#$arus
102##$aRU
2001#$aДело о приобретении переведенной господином Ободовским драмы "Брачное свидетельство" для постановки на сцене и выдаче ему поспектакльного гонорара
$j6 марта 1845 г.
251##$cДело
300##$aПо Санкт-Петербургской дирекции за 1845 год
300##$aЗаголовок дела также: Дело о предписании господина директора о принятии к театрам драмы "Брачное свидетельство", переведенной господином Ободовским, для постановки на сцене и выдаче ему поспектакльного гонорара
300##$aРукописный текст. Чернила
801#0$aRU
$bРГИА
$c20170623
801#1$aRU
$bГлавНИВЦ
$c20170623
$2rusmarc
801#2$aRU
$bПБ им. Б.Н. Ельцина
$c20181224
$gRCR
$2rusmarc
850##$aФедеральное казенное учреждение "Российский государственный исторический архив" (РГИА)
852##$aРГИА
$j10430
937##$hРГИА
$d12246504
$aASBIBLIO_SCAN
462#0$1001dd3991dc-24e1-42ec-8838-ca4255420416
$12001
$a1746-1850 гг.
$vД. 10430
$1251
$cОпись
$1852
$j1
461#0$10019264ebf8-de62-4f1a-9eb4-9f22098dbbd5
$12001
$aДирекция императорских театров МИДв
$1251
$cФонд
$1852
$j497
215##$a2 листа
$d36,5х26 см
371##$aДокумент не является опубликованным и широко распространяемым
105##$ay###
1220#$ad18450306##
035##$a24d0e151-3f2b-49cd-852d-7847cf49dbdd
856##$uhttp://readingroom.main.prlib.ru/item.aspx?id_node=n122286785&mode=full
5171#$aДело о предписании господина директора о принятии к театрам драмы "Брачное свидетельство", переведенной господином Ободовским, для постановки на сцене и выдаче ему поспектакльного гонорара
600#1$aОбодовский
$gПлатон Григорьевич
$bП.Г.
$f1805 - 1864
$jДокументы и материалы
$2nlr_sh1
$3RU\NLR\AUTH\66782423
6061#$aТеатр и драматургия
$jДокументы и материалы
$2nlr_sh
$3RU\NLR\AUTH\661568209
60101$2nlr_sh
$3RU\NLR\AUTH\661568209
$aРоссия
$bДирекция императорских театров
$bПетербургская контора
$jДокументы и материалы
686##$2rubbk
$a85.334
$vLBC/M
686##$a63.3(2)521-7
$vLBC/M
$2rubbk
605##$2acquisition_Prlib
$3LIBNET\UAF\0000080478
$aГод театра в России
$lколлекция
605##$2acquisition_Prlib
$3DITM\AF\0000004166
$aРоссия в лицах
$lколлекция
Формат отображения